Собрание сочинений. Кн. 1-я: Седьмой спутник [и др.] повести (Запись № 13564475)

Подробности
000 -МАРКЕР
контрольное поле 01251nam2a2200301 4500
001 - ИДЕНТИФИКАТОР ЗАПИСИ
контрольное поле rc\2655111
005 - ИДЕНТИФИКАТОР ВЕРСИИ
контрольное поле 20260315043353.0
035 ## - ДРУГИЕ СИСТЕМНЫЕ НОМЕРА
Идентификатор записи (NLR Aleph) 006962411
100 ## - ДАННЫЕ ОБЩЕЙ ОБРАБОТКИ
Данные общей обработки 20110614d1928 u y0rusy50 ca
101 0# - ЯЗЫК РЕСУРСА
Язык текста, звукозаписи и т.д. русский
102 ## - СТРАНА ПУБЛИКАЦИИ ИЛИ ПРОИЗВОДСТВА
Страна публикации российская федерация
105 ## - ПОЛЕ КОДИРОВАННЫХ ДАННЫХ: ТЕКСТОВЫЕ МАТЕРИАЛЫ, МОНОГРАФИЧЕСКИЕ
Кодированные данные о монографическом текстовом документе y z |||||
200 1# - ЗАГЛАВИЕ И СВЕДЕНИЯ ОБ ОТВЕТСТВЕННОСТИ
Основное заглавие Седьмой спутник [и др.] повести
210 ## - ПУБЛИКАЦИЯ, РАСПРОСТРАНЕНИЕ И ДР.
Дата издания, распространения и т.д. [1928]
215 ## - ФИЗИЧЕСКАЯ ХАРАКТЕРИСТИКА
Специфическое обозначение материала и объем [2], 306 с.
300 ## - ОБЩИЕ ПРИМЕЧАНИЯ
Текст примечания Обл.: У.
327 1# - ПРИМЕЧАНИЯ О СОДЕРЖАНИИ
Текст примечания Содерж.: Седьмой спутник.- Таласса.- Мир в стеклышке
461 #0 - УРОВЕНЬ НАБОРА
Встроенное поле 001rc\2655110
-- 2001#$aСобрание сочинений$vКн. 1-я
-- 700#1$aЛавренев$bБ. А.$gБорис Андреевич$f1891-1959$3RU\NLR\AUTH\7731140
Системный номер (АБИС) связанной записи 5357788
Автор Лавренев, Б. А. (1891-1959)
Место публикации [Харьков]
Дата публикации [1928]-1930
Имя издателя, распространителя и т.д. Пролетарий
Заглавие Собрание сочинений
Номер тома Кн. 1-я
464 #0 - АНАЛИТИЧЕСКИЙ УРОВЕНЬ
Встроенное поле 2001#$aСедьмой спутник
Заглавие Седьмой спутник
464 #0 - АНАЛИТИЧЕСКИЙ УРОВЕНЬ
Встроенное поле 2001#$aТаласса
Заглавие Таласса
464 #0 - АНАЛИТИЧЕСКИЙ УРОВЕНЬ
Встроенное поле 2001#$aМир в стеклышке
Заглавие Мир в стеклышке
702 #0 - ИМЯ ЛИЦА - ВТОРИЧНАЯ ОТВЕТСТВЕННОСТЬ
Начальный элемент ввода У.
Код отношения Редактор
801 #0 - ИСТОЧНИК ЗАПИСИ
Страна российская федерация
Организация NLR
Правила каталогизации psbo
801 #1 - ИСТОЧНИК ЗАПИСИ
Страна российская федерация
Организация ELAR
Источник данных rusmarc
852 ## - МЕСТОНАХОЖДЕНИЕ И ШИФР ХРАНЕНИЯ
Идентификатор организации NLR
Шифр хранения (Call Number) 57/1(1)
942 ## - ДОПОЛНИТЕЛЬНЫЕ ЭЛЕМЕНТЫ ЗАПИСИ (АБИС)
Тип экземпляра АБИС Неопределено
980 ## - КОЛЛЕКЦИЯ
Название коллекции Национальная библиография

Нет доступных экземпляров.